000 00595nam a2200229Ia 4500
003 OSt
005 20220928104627.0
006 a|||||r|||| 00| 0
007 ta
008 220927b |||||||| |||| 00| 0 eng d
024 _a37187
037 _cTextual
040 _aSDCL
_cSDCL
_beng
041 _2eng
_aeng
082 _aQ5, L8
100 _aGlatzer Nahum N
_9411375
245 0 _aEssays in jeewish thought.
260 _aAlabama
_bThe University of Alabama Press
_c1978
300 _a295p.
_ccm.
942 _hQ5, L8
_cTEXL
_2CC
999 _c727046
_d727046